कश्मीर : (Record no. 121099)

MARC details
000 -LEADER
fixed length control field 01280nam a22003017a 4500
003 - CONTROL NUMBER IDENTIFIER
control field dpl
005 - DATE AND TIME OF LATEST TRANSACTION
control field 20181214141545.0
008 - FIXED-LENGTH DATA ELEMENTS--GENERAL INFORMATION
fixed length control field 181214b ||||| |||| 00| 0 eng d
010 ## - LIBRARY OF CONGRESS CONTROL NUMBER
LC control number B-068392
020 ## - INTERNATIONAL STANDARD BOOK NUMBER
Terms of availability 200.00
International Standard Book Number 8187775041
035 ## - SYSTEM CONTROL NUMBER
System control number B-068392
035 ## - SYSTEM CONTROL NUMBER
System control number B-78468
037 ## - SOURCE OF ACQUISITION
Source of stock number/acquisition Cen Lib/Ret
040 ## - CATALOGING SOURCE
Original cataloging agency DPL
Language of cataloging HN
Transcribing agency dpl
082 ## - DEWEY DECIMAL CLASSIFICATION NUMBER
Classification number 954.11
Item number त्यागीअ
100 ## - MAIN ENTRY--PERSONAL NAME
Personal name त्यागी, अनुपम
9 (RLIN) 94612
245 ## - TITLE STATEMENT
Title कश्मीर :
Statement of responsibility, etc अनुपम त्यागी
Remainder of title एक कसौटी /
246 ## - VARYING FORM OF TITLE
Title proper/short title Kashmir : ek kasauti /
Remainder of title by Anupam Tyagi
260 ## - PUBLICATION, DISTRIBUTION, ETC. (IMPRINT)
Place of publication, distribution, etc नई दिल्ली
Name of publisher, distributor, etc आकाशदीप पब्लिकेशन्स
Date of publication, distribution, etc 2001
270 ## - ADDRESS
Address 1/1073-डी, महरौली
City नई दिल्ली
Postal code 110030
300 ## - PHYSICAL DESCRIPTION
Extent 182पृ.
Dimensions 21सेमी(सजिल्द)
500 ## - GENERAL NOTE
General note अनुक्रमणिका शामिल
650 ## - SUBJECT ADDED ENTRY--TOPICAL TERM
Topical term or geographic name as entry element भारत विभाजन एवं कश्मीर की स्थिति
9 (RLIN) 94613
650 ## - SUBJECT ADDED ENTRY--TOPICAL TERM
Topical term or geographic name as entry element भारत--अमेरिका मित्रता
9 (RLIN) 81963
650 ## - SUBJECT ADDED ENTRY--TOPICAL TERM
Topical term or geographic name as entry element Division and Kashmir state of India
9 (RLIN) 94614
650 ## - SUBJECT ADDED ENTRY--TOPICAL TERM
Topical term or geographic name as entry element India--US friendship
9 (RLIN) 94615
942 ## - ADDED ENTRY ELEMENTS (KOHA)
Source of classification or shelving scheme Dewey Decimal Classification
Koha item type Hindi Books
Classification part 954.11
Call number suffix त्यागीअ
Holdings
Withdrawn status Lost status Damaged status Not for loan Home library Current library Date acquired Source of acquisition Cost, normal purchase price Total Checkouts Full call number Barcode Date last seen Date checked out Copy number Cost, replacement price Price effective from Koha item type Public note Source of classification or shelving scheme Collection code
Withdrawn       Central Library Central Library 01/10/2015 Cen Lib/Ret 200.00 1 954.11 त्यागीअ B-068392 24/10/2018 04/09/2018 1 200.00 01/10/2015 Hindi Books W/d List no-9002/18    
        Qila Rai Pithora Qila Rai Pithora 14/12/2018 आकाशदीप पब्लिकेशन 200.00 1 954.11 त्यागीअ B-78468 18/09/2019 05/09/2019   200.00 14/12/2018 Hindi Books   Dewey Decimal Classification Non-fiction

© Delhi Public Library
Hit Counter
free hit counter